| 000 | 00661nam a2200265 a 4500 | ||
|---|---|---|---|
| 001 | 34883 | ||
| 003 | AR-BaAGN | ||
| 005 | 20231116150557.0 | ||
| 007 | ta | ||
| 008 | 220625s2004 ag |||||r|||| ||||||spa d | ||
| 020 | _a987-9223-66-7 | ||
| 040 |
_dAR-BaAGN _aAR-BaAGN _bspa _eaacr |
||
| 100 | 1 | _aHux, Meinrado | |
| 245 | 1 | 0 | _aCaciques pehuenches |
| 250 | _a1ª ed. | ||
| 260 |
_aBuenos Aires : _bEl Elefante Blanco, _c2004. |
||
| 300 | _a137 páginas | ||
| 336 |
_2rdacontent _btxt |
||
| 337 |
_2rdamedia _bn |
||
| 338 |
_2rdacarrier _bnc |
||
| 650 | 4 |
_aCACIQUES _9962 |
|
| 650 | 4 |
_aINVESTIGACIÓN HISTÓRICA _91780 |
|
| 942 | _cLIBRO | ||
| 999 |
_c34883 _d34883 |
||